| 000 | 01589cam a22004694i 4500 | ||
|---|---|---|---|
| 003 | PE-LiUPU | ||
| 005 | 20250731172956.0 | ||
| 008 | 150623s1998 xxka rb 000 0 eng d | ||
| 020 | _a0385468806 | ||
| 035 | _a(Sirsi) i9780385468800 | ||
| 040 |
_aPE-LiUPU _bspa _cPE-LiUPU _erda |
||
| 049 | _aPRUA | ||
| 082 | 0 | 4 |
_a220.7 _bAB1998 _221 |
| 100 | 1 |
_aFitzmyer, Joseph A., _eautor. |
|
| 245 | 1 | 4 |
_aThe acts of the apostles. _n31 / _cJoseph A. Fitzmyer. |
| 264 | 1 |
_aNew York : _bThe Anchor Bible, _c1998. |
|
| 300 |
_a830 páginas : _bilustraciones mapas ; _c24 centímetros |
||
| 336 |
_atext _2rdacontent |
||
| 337 |
_aunmediated _2rdamedia |
||
| 338 |
_avolume _2rdacarrier |
||
| 490 | 0 |
_aThe Anchor Bible ; _v31 |
|
| 504 | _aIncluye bilbiografía. | ||
| 505 | 0 | _aActs of the apostles: translation -- Translation, commentary, and notes. | |
| 526 | _aSEG42 | ||
| 526 | _aSEG41 | ||
| 526 | _aSEG40 | ||
| 526 | _aSEG39 | ||
| 526 | _aP94 | ||
| 526 | _aP87 | ||
| 526 | _aP86 | ||
| 526 | _aP85 | ||
| 526 | _aP77 | ||
| 526 | _aP76 | ||
| 526 | _aP35 | ||
| 630 | 0 | 4 |
_aBiblia. _pN.T. _pHechos _vComentarios. |
| 942 |
_2ddc _cBOOK |
||
| 949 |
_a220.7 AB 31 1998 _wDEWEY _c1 _i45343 _lCCODEBUL1 _mBUL _r0 _sY _tBOOK _u2015-6-24 _xTEOLOGIA _PP35 _0COMPRA _o.STAFF. Colección Teología |
||
| 994 |
_aC0 _bPEPRU |
||
| 596 | _a1 | ||
| 999 |
_a220.7 AB 31 1998 _wDEWEY _c22205 _i45343 _d22205 _e2019-9-12 _f2021-11-9 _g5 _lCCODEBUL1 _mBUL _n1 _p33.00 _q2 _r0 _sY _tBOOK _u2015-6-24 _xTEOLOGIA _PP35 _0COMPRA _o.STAFF. Colección Teología |
||
| 980 |
_81 _gALBERTO SANCHEZ Responsable de Automatización |
||